00708nam a2200145 a 450000100100000000500170001000800410002704000250006808200140009324502620010726000490036930000350041850000830045370000260053600003396820200930070649.0110915s1892 xxua 000 0 eng d aDO-SdBNPbspacBNPHU axxxbC55600aChristopher Columbus and his monument Columbia :bbeing a concordance of choice tributes to the great Genoese, his grand discovery, and his greatness of mind and purpose : the testimony of ancient authors, the tributes of modern men /ccompiled J.M. Dickey. aChicago :aNew York :bRand, McNally,c1892. a397 p. :bil., retr. ;c21 cm. aAdorned with the sculptures, scenes and portraits of the old world and the new1 aDickey, J. M.,ecomp.